I PRIMI 10 MARCATORI DELLA SERIE A ALL-TIME - Statistics

Statistiche generali
  • Questo quiz è stato fatto 1.579 volte
  • Il punteggio medio è 7 su 12
Statistiche sulle risposte
SQUADRE GOL NAZIONALE Risposta % Corretto
ROMA 250 ITALIA TOTTI
98%
JUVENTUS 188 ITALIA DEL PIERO
91%
EMPOLI-UDINESE 209 ITALIA DI NATALE
87%
FIORENTINA-JUVE-MILAN-BOLOGNA-INTER-BRESCIA 205 ITALIA BAGGIO
83%
GENOA-TORINO-LAZIO 194 ITALIA IMMOBILE
78%
PRO VERCELLI-LAZIO-JUVE-NOVARA 274 ITALIA PIOLA
68%
MILAN-ROMA 225 SVEZIA NORDAHL
54%
INTER-MILAN-JUVE 216 ITALIA MEAZZA
50%
MILAN-NAPOLI-JUVE 216 ITALIA-BRASILE ALTAFINI
32%
FOGGIA-LAZIO-SAMPDORIA-BOLOGNA 188 ITALIA SIGNORI
32%
PIACENZA-VERONA-PARMA-MILAN-FIORENTINA-GRNOA-BOLOGNA-PALERMO 188 ITALIA GILARDINO
31%
JUVE-PADOVA-FIORENTINA-MILAN-NAPOLI 190 SVEZIA HAMRIM
1%
Nessun quiz corrispondente trovato
Distribuzione punteggi
Percentuale di utenti per punteggio
Percentile per numero di risposta
I tuoi punteggi nel tempo
Non hai fatto questo quiz